Cine y literatura : (Record no. 143350)

MARC details
000 -CABECERA
campo de control de longitud fija 00729nam a2200229 u 4500
005 - FECHA Y HORA DE LA ÚLTIMA TRANSACCIÓN
campo de control 20240316063808.0
008 - ELEMENTOS DE LONGITUD FIJA--INFORMACIÓN GENERAL
campo de control de longitud fija 090617s2001 es r 000 0 spa d
020 ## - NÚMERO INTERNACIONAL NORMALIZADO PARA LIBROS
Número Internacional Estándar del Libro 8485840879
035 ## - NÚMERO DE CONTROL DEL SISTEMA
Número de control de sistema UPN01000171245
049 ## - COLECCIÓN
Colección CG
050 #4 - SIGNATURA TOPOGRÁFICA DE LA BIBLIOTECA DEL CONGRESO
Número de clasificación LB1044
Número de documento/Ítem C5.6
245 00 - MENCIÓN DE TÍTULO
Título Cine y literatura :
Resto del título relación y posibilidades didácticas /
Mención de responsabilidad, etc. Mercé Coll ... [et al.] ; coord. Gemma Pujals.
260 ## - PUBLICACIÓN, DISTRIBUCIÓN, ETC.
Lugar de publicación, distribución, etc. Barcelona, Esp. :
Nombre del editor, distribuidor, etc. ICE :
-- Horsori,
Fecha de publicación, distribución, etc. 2001.
300 ## - DESCRIPCIÓN FÍSICA
Extensión 224 p.
440 #0 - MENCIÓN DE SERIE/ASIENTO SECUNDARIO--TÍTULO
Título Cuadernos de educación ;
Designación de volumen o secuencia 34
650 #7 - ASIENTO SECUNDARIO DE MATERIA - TERMINO TEMATICO
Término de materia o nombre geográfico como elemento de entrada Cinematografía en la educación
Fuente del encabezamiento o término
9 (RLIN) 1545
650 #4 - ASIENTO SECUNDARIO DE MATERIA - TERMINO TEMATICO
Término de materia o nombre geográfico como elemento de entrada Literatura
9 (RLIN) 5741
650 #2 - ASIENTO SECUNDARIO DE MATERIA - TERMINO TEMATICO
Término de materia o nombre geográfico como elemento de entrada Recursos educativos
9 (RLIN) 9810
700 1# - ASIENTO SECUNDARIO--NOMBRE DE PERSONAL
Nombre de persona Coll, Mercé,
Término indicativo de función/relación coaut.
700 1# - ASIENTO SECUNDARIO--NOMBRE DE PERSONAL
Nombre de persona Pujals, Gemma,
Término indicativo de función/relación coord.
905 ## - TIPO DE MATERIAL
Tipo de material Libro
Holdings
Estado de retiro Estado de pérdida Fuente del sistema de clasificación o colocación Estado dañado No para préstamo Código de colección Localización permanente Ubicación/localización actual Ubicación en estantería Total de préstamos Clasificación Código de barras Fecha visto por última vez Número de copia Tipo de ítem Koha Fecha de adquisición Fecha del último préstamo
    Library of Congress Classification     Colección General Bib. Gregorio Torres Quintero Bib. Gregorio Torres Quintero Planta baja 4 LB1044 C5.6 265278 31/12/2020 1 Libro    
    Library of Congress Classification     Colección General Bib. Gregorio Torres Quintero Bib. Gregorio Torres Quintero Planta baja 5 LB1044 C5.6 265279 31/12/2020 1 Libro    
    Library of Congress Classification     Colección General Bib. Gregorio Torres Quintero Bib. Gregorio Torres Quintero Planta baja 4 LB1044 C5.6 265277 14/03/2023 1 Libro 09/03/2023 09/03/2023